<?xml version="1.0" encoding="UTF-8"?><?xml-stylesheet type="text/xsl" href="static/style.xsl"?><OAI-PMH xmlns="http://www.openarchives.org/OAI/2.0/" xmlns:xsi="http://www.w3.org/2001/XMLSchema-instance" xsi:schemaLocation="http://www.openarchives.org/OAI/2.0/ http://www.openarchives.org/OAI/2.0/OAI-PMH.xsd"><responseDate>2026-04-26T23:36:34Z</responseDate><request verb="GetRecord" identifier="oai:repisalud.isciii.es:20.500.12105/14364" metadataPrefix="marc">https://repisalud.isciii.es/rest/oai/request</request><GetRecord><record><header><identifier>oai:repisalud.isciii.es:20.500.12105/14364</identifier><datestamp>2024-11-28T14:02:13Z</datestamp><setSpec>com_20.500.12105_5691</setSpec><setSpec>com_20.500.12105_5568</setSpec><setSpec>com_20.500.12105_2404</setSpec><setSpec>com_20.500.12105_2403</setSpec><setSpec>col_20.500.12105_11710</setSpec></header><metadata><record xmlns="http://www.loc.gov/MARC21/slim" xmlns:dcterms="http://purl.org/dc/terms/" xmlns:doc="http://www.lyncode.com/xoai" xmlns:xsi="http://www.w3.org/2001/XMLSchema-instance" xsi:schemaLocation="http://www.loc.gov/MARC21/slim http://www.loc.gov/standards/marcxml/schema/MARC21slim.xsd">
   <leader>00925njm 22002777a 4500</leader>
   <datafield ind2=" " ind1=" " tag="042">
      <subfield code="a">dc</subfield>
   </datafield>
   <datafield ind2=" " ind1=" " tag="720">
      <subfield code="a">Lopez-Perea, Noemi</subfield>
      <subfield code="e">author</subfield>
   </datafield>
   <datafield ind2=" " ind1=" " tag="720">
      <subfield code="a">Masa-Calles, Josefa</subfield>
      <subfield code="e">author</subfield>
   </datafield>
   <datafield ind2=" " ind1=" " tag="720">
      <subfield code="a">Grupo de Vigilancia de la Parálisis Flácida Aguda en España</subfield>
      <subfield code="e">author</subfield>
   </datafield>
   <datafield ind2=" " ind1=" " tag="260">
      <subfield code="c">2014-05-04</subfield>
   </datafield>
   <datafield ind2=" " ind1=" " tag="520">
      <subfield code="a">Pese a los enormes avances conseguidos hacia la erradicación mundial de la poliomielitis, aún
quedan tres países con circulación endémica de poliovirus salvaje y brotes de polio paralítica en áreas
previamente libres de polio, como Siria y varios países de África. Debido a esto la Organización
Mundial de la salud (OMS) ha declarado que la extensión internacional de la transmisión del poliovirus
salvaje, es un Evento de Salud Pública de Importancia Internacional (ESPII) y que para su control se
necesita una repuesta internacional coordinada.
En las zonas del mundo ya declaradas libres de polio (Europa 2002) hay que asegurar altos niveles
de inmunidad en la población, mantener sistemas de vigilancia eficaces y planes nacionales de
respuesta capaces de interrumpir la transmisión tras una eventual importación del virus de la polio.
Además, en una situación de dispersión internacional, la vacunación y el control de viajeros procedentes
de zonas del mundo con casos de polio cobra especial importancia.
En este contexto y debido al flujo de personas entre España y zonas el mundo donde hay
circulación de poliovirus, no se puede descartar la reintroducción del virus en nuestro país. Aunque
las altas coberturas de vacunación reducen el riesgo de transmisión, hay que mantener activos los
sistemas de vigilancia de poliovirus, particularmente la vigilancia de PFA, para poder identificar
importaciones y establecer a tiempo medidas de control.</subfield>
   </datafield>
   <datafield ind1="8" ind2=" " tag="024">
      <subfield code="a">Boletín Epidemiológico Semanal 2014 - Vol.22 Nº 7</subfield>
   </datafield>
   <datafield ind1="8" ind2=" " tag="024">
      <subfield code="a">2173-9277</subfield>
   </datafield>
   <datafield ind1="8" ind2=" " tag="024">
      <subfield code="a">http://hdl.handle.net/20.500.12105/14364</subfield>
   </datafield>
   <datafield ind1="8" ind2=" " tag="024">
      <subfield code="a">2173-9277</subfield>
   </datafield>
   <datafield ind1="8" ind2=" " tag="024">
      <subfield code="a">Boletín Epidemiológico Semanal</subfield>
   </datafield>
   <datafield ind2="0" ind1="0" tag="245">
      <subfield code="a">Plan de erradicación de la Poliomielitis. Vigilancia de Parálisis Flácida Aguda. España, 2013</subfield>
   </datafield>
</record></metadata></record></GetRecord></OAI-PMH>